| 000 | 00788nam a2200241 a 4500 | ||
|---|---|---|---|
| 001 | 73241 | ||
| 003 | BD-RjUL | ||
| 005 | 20211209082351.0 | ||
| 008 | 170529s1959 nyuab b 000 0 eng | ||
| 035 | _a(BD-RjUL)73459 | ||
| 040 |
_aDLC _cOWibfC _dOCoLC _dDLC _dBD-RjUL _beng |
||
| 041 | _aeng | ||
| 082 |
_223 _a551.468 _bHEF 1959 |
||
| 100 | 1 |
_aHeezen, Bruce C. _9216647 |
|
| 245 | 1 | 4 |
_aThe floors of the oceans / _cby Bruce C. Heezen, Marie Tharp and Maurice Ewing. |
| 260 |
_aNew York : _bGeological Society of America, _c1959 |
||
| 300 |
_aVarious p. : _bill. ; _c25 cm. |
||
| 410 | 2 | 0 |
_aGeological Society of America. _v65 |
| 504 | _aBibliography: v. 1, p. 109-113. | ||
| 650 |
_aSubmarine geology _9216648 |
||
| 830 |
_aGeological Society of America. _v65 _9207674 |
||
| 942 |
_2ddc _cBK |
||
| 999 |
_c73241 _d73241 |
||